Visualizzazione normale
Vista MARC
- Villa Grazia (et al.)
di Personal Name
Records bibliografici associati: 1
001 - CONTROL NUMBER
- control field: 60165
003 - CONTROL NUMBER IDENTIFIER
- control field:
005 - DATE AND TIME OF LATEST TRANSACTION
- control field: 20230719112839.0
008 - FIXED-LENGTH DATA ELEMENTS
- fixed length control field: 230719|| aca||aabn | a|a d
040 ## - CATALOGING SOURCE
- Original cataloging agency:
- Transcribing agency:
100 ## - HEADING--PERSONAL NAME
- Personal name: Villa Grazia (et al.)
670 ## - SOURCE DATA FOUND
- Source citation: Work cat.: ()359768: Villa Grazia (et al.), Il ruolo femminile ieri e oggi nei processi di pace, 2023